000
00302nam a2200109Ia 4500
008
190216s9999||||xx |||||||||||||| ||und||
100
_a
"Nair Rk, Banerjee Ak & Agarwal Vk"
245
0
_a
Business Policy And Strategic Management
260
_b
Pragathi Prakashan
_c
2003
300
_a
290p
942
_c
BK
999
_c
6245
_d
6245